00938nam a2200241 a 4500001001000000003000900010005001700019007001000036008004100046040002200087092001500109100003100124245014300155260005400298300002700352590006300379700004500442942001200487945003900499952010500538956003800643999001500681000044380DO-SdBNP20180402085355.0000044380140626s1994 dr ac 000 0 spa d aBPMETbspacBPMET axxxxbxxxx1 aGarcía, Mélida,d1956-13aLa floresta :bcuentos infantiles con ilustraciones para colorear /cMélida García ; ilustraciones Katja Karina Féliz Montes de Oca. aSanto Domingo :bImpresos Computarizados,c[190?] a25 p. :bil. ;c27 cm. aLa biblioteca posee un ejemplar autografiado por la autora1 aFéliz Montes de Oca, Katja Karinaeil. 2ddccBK aRemanejado para la BNPHU / 2018 VM 00102ddc40708DOMaBPMETbBPMETd2015-02-04l0pBPMET15041033r2015-02-04t1 ej. w2015-02-04yBK aVMATEOb10c20140626lBPMSUh0069 c7330d7330